LEADER 01528nam a2200301 a 4500 001 000000156774 003 CaOOAMICUS 005 20161128115032.0 008 161128s1947 is u000 u lat r 032 $aLibriCat 040 $aPUL$bita 100 1 $aTalatinian, Basil,$cO.F.M.$0(OLS)http://pul/name/99989 245 10$aDe contractu matrimoniali iuxta Armenos : $bdisquisitio historico-iuridica /$cP. Basilius Talatinian, O.F.M. 260 $aHierosolymis :$bPP. Franciscanorum,$c1947. 300 $aXIII, 197 p. ;$c24 cm. 502 $aTesi -- Pontificium Athenaeum Antonianum. Facultas Iuridica. 1947. 504 $aBibliografia in nota. 651 4$aArmenia$xStoria ecclesiastica.$0(OLS)http://pul/subject/9280 710 2 $aPontificio Ateneo Antoniano.$bFacoltą di Diritto Canonico.$kTesi.$0(OLS)http://pul/name/99826 850 $aPUL 852 $aPUL$W1$xDP1 Tesi Pon. At. Antonianum$y30$mTH ANT IUS48bis$j180057$qTesi$B183180$CPULBib$Z2$F183180 $H12156 $82 910 $aPontificia Universitą Antonianum.$bFacoltą di diritto canonico.$kTesi$999826 910 $aPontificia Universitą Antonianum.$bFacoltą di diritto canonico.$kTesi$999826 910 $aPontificium Athenaeum Antonianum.$bFacultas Iuris Canonici$kTesi$999826 941 1 $a16 996 $6245$aDe contractu matrimoniali iuxta Armenos : $bdisquisitio historico-iuridica$9(OLS)http://pul/title/196382 996 $6260$aHierosolymis :$bPP. Franciscanorum$9(OLS)http://pul/publisher/85697 LEADER 01977nam a2200421 a 4500 001 000000127240 003 CaOOAMICUS 005 20120123100800.0 008 120123s2009 it u000 u ita r 020 $z881325864X* 020 $z9788813281731* 040 $aPUL$bita 082 04$a262.9 100 1 $aGherro, Sandro.$0(OLS)http://pul/name/23741 245 10$aLezioni di diritto ecclesiastico /$cSandro Gherro. 260 $aPadova :$bCEDAM,$cc2009. 300 $av. ;$c24 cm 490 1 $aDiritto canonico-Diritto ecclesiastico.$nSezione prima: libri ;$v10, 15 500 $aSeconda ed. del v. 1. 504 $aContiene riferimenti bibliografici in nota. 505 1 $aV. 1. Nozioni storiche e parte generale. -- v. 2. Parti speciali / Manlio Miele. 650 4$aDiritto ecclesiastico$zItalia$xStudio e insegnamento.$0(OLS)http://pul/subject/2960 700 1 $aMiele, Manlio.$0(OLS)http://pul/name/40199 740 02$aNozioni storiche e parte generale. 740 02$aParti speciali. 830 0$aDiritto canonico-Diritto ecclesiastico.$nSezione prima: libri ;$v10, 15.$0(OLS)http://pul/title/160756 850 $aPUL 852 $aPUL$W1$xSL Diritto Canonico 3$y77$m262. 9 COLL 4.10$j147139$av. 1$qDDC 21$B145835$CPULBib$Z2$F145835 $H118654 $82 852 $aPUL$W1$xSL Diritto Canonico 3$y77$m262. 9 COLL 4.15$j147140$av. 2$qDDC 21$B145836$CPULBib$Z2$F145836 $H118655 $82 941 1 $a9 996 $6020$z881325864X*$9(OLS)http://pul/number/148574 996 $6020$z9788813281731*$9(OLS)http://pul/number/148575 996 $6082$a262.9$9(OLS)http://pul/classification/369 996 $6245$aLezioni di diritto ecclesiastico$9(OLS)http://pul/title/5091 996 $6740$aNozioni storiche e parte generale$9(OLS)http://pul/title/160757 996 $6740$aParti speciali$9(OLS)http://pul/title/160758 996 $6260$aPadova :$bCEDAM$9(OLS)http://pul/publisher/48126